000 00446nam a2200157 i 4500
001 142422
003 ES-MaACL
005 20230906200522.0
007 t|
008 071005s1909 sp ||||1| spa d
100 1 _aVillaespesa, Francisco.
_9114917
245 1 3 _aEl jardín de las quimeras
_b: poemas /
_cFrancisco Villaespesa.
260 _aBarcelona :
_bF. Granada y Cia,
_c1909.
300 _a160 p. ;
_c20 cm.
852 _aES-MaACL
_jF-4114
999 _c142422
_d142422